Normal view
MARC view
- Jefkins F & Yadin D
Entry Personal Name
001 - CONTROL NUMBER
- control field: 107205
003 - CONTROL NUMBER IDENTIFIER
- control field: OSt
005 - DATE AND TIME OF LATEST TRANSACTION
- control field: 20230125043141.0
008 - FIXED-LENGTH DATA ELEMENTS
- fixed length control field: 230125|| aca||aabn | a|a d
040 ## - CATALOGING SOURCE
- Original cataloging agency: OSt
- Transcribing agency: OSt
100 ## - HEADING--PERSONAL NAME
- Personal name: Jefkins F & Yadin D
670 ## - SOURCE DATA FOUND
- Source citation: Work cat.: (OSt)84433: Jefkins F 107204, Advertising, 2009